00561nam a2200157 a 450000500170000000800410001702000180005805000230007610000210009924500450012026000350016530000090020052000590020999900190026895201160028720140412111258.0091205s19uu xx 00 eng d a0-439-69231-8 aTR(PS EbFr92 2003 aLondon, Jonathan aFroggy's Baby Sister /cJonathan London. aNew York :bScholastic,c2003. aunp. aFroggy can't wait to take care of his new baby sister! c103276d103276 001040aELbELcTRd2009-12-05eGiftg110.00l0oTR(PS E Fr92 2003pE4358r2014-04-12 00:00:00w2014-04-12yBK